| 000 | 00450nam a2200169 a 4500 | ||
|---|---|---|---|
| 005 | 20140310183205.0 | ||
| 008 | 030424s19uu xx 00 eng d | ||
| 020 | _a0671745883 | ||
| 050 |
_aPS 3573 _b.W177 1988 |
||
| 100 | _aWalker, Alice | ||
| 245 |
_aThe Third Life of Grange Copeland / _cAlice Walker. |
||
| 260 |
_aNew York : _bPocket Books, _c1988. |
||
| 300 |
_a346 p. : _c18 cm. |
||
| 650 | _aFiction | ||
| 942 |
_cBK _2lcc |
||
| 999 |
_c19969 _d19969 |
||